| 000 | 01033naa a22002897a 4500 | ||
|---|---|---|---|
| 001 | BR9205278 | ||
| 003 | BR-BrBNA | ||
| 005 | 20240918180737.0 | ||
| 007 | ta | ||
| 008 | 230509b bl.||||| |||| 00| 0 por d | ||
| 040 |
_aBR-BrBNA _bpor _cBiblioteca Nacional de Agricultura |
||
| 041 | _a(Pt) | ||
| 072 |
_aQ02 _b0940 |
||
| 090 | _aQ02 BR9205278 | ||
| 100 | 1 | _aReck, S.R. | |
| 100 | 1 | _aFerreira, A.A.F. | |
| 111 | 1 |
_a6. Congresso Brasileiro de Fruticultura _cRecife, PE (Brazil) _d25-31 Jan 1981 |
|
| 245 | 1 | _aComparacao de quatro cultivares de uvas de mesa submetidas a frigo-conservacao | |
| 260 | 3 |
_aRecife, PE (Brasil): _c1981. |
|
| 500 | _aAnais do 6. Congresso Brasileiro de Fruticultura, v. 4 Recife, PE (Brasil): 1981. p. 1219-1229 (BR9205278-AM)Q02 | ||
| 650 | _aUVA | ||
| 650 | _aVARIEDADE | ||
| 650 | _aREFRIGERACAO | ||
| 773 | 0 |
_tAnais do 6. Congresso Brasileiro de Fruticultura, v. 4 _wQ02 BR9205278 _gRecife, PE (Brasil), 1981. p. 1219-1229 |
|
| 909 |
_a202404 _bLucia _c55 _dLucia Elande |
||
| 942 |
_cAM _2AGRIS |
||
| 999 |
_c321926 _d321926 |
||